000 00301 a2200121 4500
001 92599
082 _a620.112232/SOK
090 _c44521
_d44522
100 _aI.S.Sokolnikoff
245 _aMathematical Theory of Elasticity
260 _aNew york
_bMc Graw Hill
_c1946
300 _axi,373p.
942 _aCAE NUST
_cAE
_k620.112232/SOK
999 _c327672
_d327672